00778pam a2200241 a 4500001000800000005001700008008004100025010001700066020001500083040002300098041000800121060001900129080001900148082002300167100000600190101000800196245007600204504006400280906004500344942001200389999001700401952011800418297606320171221035912.0920131s1992 nyu b 001 0 eng c a 92006217  a0669276715 aDNLM/DLCcDLCdDLC aeng aWM 270 C67753m a616.860019 COH00a616.860019 COH2201 a3 aSHM14aThe mentally ill chemical abuser :cJacqueline Cohen, Stephen Jay Levy. aIncludes bibliographical references (p. 211-221) and index. a7bcbccorignewd1eocipf19gy-gencatlg 2ddccBK c39263d39263 00102udc40708PËKGa002b002cPËKGd2017-12-21l0o616.860019 COHp002-2939578r2017-12-21w2017-12-21yBK